000 00346 a2200157 4500
001 154558
040 _cEscola São Tomás de Aquino
100 _aDURAN, Ednilce
240 1 0 _aCrescer com fé e algria
_lpor
245 1 0 _aCrescer com fé e algria
300 _a131
362 0 _a2012
440 1 _aFTD
697 _aRELIGIÃO
942 _cBK
999 _c154558
_d154558